000 01126nam a2200217Ia 4500
003 OSt
005 20241011155239.0
007 ca aa aaaaa
008 201103s9999 xx 000 0 und d
040 _cSSBUL
041 _abur
082 _223
_a၂၉၄.၃၄၃၅၀၉ ဘ
_b၉၃၁၆ S-SAT
100 0 _a ဘမွေး၊ ဦး(မျိုးမြင့်ဆွေ)
_917406
245 1 0 _aရွှေစည်းခုံစေတီတော်ကြီး၏ ကိုးရာပြည့်သမိုင်း /
_cဦးဘမွေး(မျိုးမြင့်ဆွေ)နှင့် ဆရာသိန်းလွင်။
260 _aမြင်းခြံ ၊
_bဇောတိကစာပုံနှိပ်တိုက်၊
_c[ခုနှစ်မပါ]။
300 _a၆၄ စာမျက်နှာ ၊
_c၁၈ စင်တီ။
500 _aS-SAT: Dr. Sai Aung Tun
650 _aရွှေစည်းခုံစေတီ
_vသမိုင်း
_955053
650 _aစေတီပုထိုး
_zညောင်ဦးမြို့
_955054
942 _2ddc
_cBK1
999 _c16833
_d16833